| 000 | 00894nam0a22002531 4500 | ||
|---|---|---|---|
| 001 | rc\2754563 | ||
| 005 | 20110915171004.2 | ||
| 035 | _a(NLR Aleph) 006881347 | ||
| 090 |
_a7050465 _c7050465 |
||
| 100 | _a20110915d1939 |||y0rusy50 ca | ||
| 101 | 0 | _arus | |
| 102 | _aRU | ||
| 105 | _aac j ||||| | ||
| 200 | 1 |
_aУчебник микробиологии _fПроф. В. М. Берман |
|
| 205 | _a5-е изд. | ||
| 210 |
_aМосква _aЛенинград _cМедгиз, Ленингр. отд-ние _d1939 |
||
| 215 |
_a276 с., 1 вкл. л. ил. _cил., портр., черт. _d21 см. |
||
| 225 | 1 | _aРуководства и пособия для медицинских техникумов | |
| 700 | 1 |
_aБерман _bВ. М. _gВиктор Михайлович |
|
| 801 | 0 |
_aRU _bNLR _gpsbo |
|
| 801 | 1 |
_aRU _bELAR _2rusmarc |
|
| 852 |
_aNLR _j39-3/779 |
||
| 942 | _cBOOK | ||
| 980 | _aNB | ||